| 000 | 00432nam a2200157Ia 4500 | ||
|---|---|---|---|
| 008 | 230917s9999||||xx |||||||||||||| ||und|| | ||
| 020 | _cUSD24.5 | ||
| 040 |
_e41595 _aMAIN |
||
| 041 | _aEnglish | ||
| 082 | _a809.3 B283B | ||
| 100 | _aBarthold, Bonnie J | ||
| 245 | 0 | _aBlack time: Fiction of Africa, the Caribbean and the United States | |
| 260 |
_aLondon _bUniversity of Yale Press _c1981 |
||
| 300 | _ax, 209 p. | ||
| 942 | _cBK | ||
| 999 |
_c228676 _d228676 |
||